Catalogue de la Bibliothèque de l'ENSA

L'Alimentation dans le monde (notice nᵒ 20433)

détails MARC
000 -LEADER
fixed length control field 00655nam a2200193Ia 4500
005 - DATE AND TIME OF LATEST TRANSACTION
control field 20170710060440.0
020 ## - ISBN
ISBN 9782035825766
037 ## - SOURCE D'ACQUISITION
Cote BC_669 15
040 ## - SOURCE DU CATALOGAGE
Origine cataloguage BC-ENSA
Langue du catalogage fre
041 ## - CODE DE LANGUE
Langue Français
100 ## - VEDETTE PRINCIPALE - AUTEUR PRINCIPAL
Auteur CHARVET, Jean-Paul
245 ## - MENTION DU TITRE
Titre L'Alimentation dans le monde
Complément de titre mieux nourire la planète
250 ## - MENTION D'ÉDITION
Mention d'édition 2éme ed.
260 ## - PUBLICATION, DIFFUSION, ETC. (ADRESSE BIBLIOGRAPHIQUE)
Lieu d'édition Paris
Nom de l'éditeur Larousse
Année d'édition 2007
300 ## - DESCRIPTION MATÉRIELLE
Illustration ill.
Nombre de pages 128 p.
Format 19 CM
562 ## - NOTE D'IDENTIFICATION DES EXEMPLAIRES ET VERSIONS
Numbre d' exemplaire 1 exemplaire(s)
942 ## - ADDED ENTRY ELEMENTS (KOHA)
Type document Ouvrage
653 ## - DESCRIPTEUR LIBRE
Mots clés libres ALIMENTATION/ALIMENTATION HUMAINE/MONDE/AGRICULTURE/CONSOMMATION/CONSOMMATION ALIMENTAIRE/PRODUIT ALIMENTAIRE/DEMOGRAPHIE/SECURITE ALIMENTAIRE/RENDEMENT/POLITIQUE AGRICOLE
Exemplaires
statut de retrait Statut emplacement permanent Localisation actuelle Cote code à barre Koha type d'élément
    Bibliothèque Centrale Bibliothèque Centrale BC_669 15 BC_669 15 Ouvrage

Adresse: Ecole Nationale Supérieure Agronomique Hassen Badi - El Harrach Alger, Algérie

Tél +213 (0) 23 82 85 07+213 (0) 23 82 85 12 Fax +213 23 82 85 03/04 Courriel: bibliotheque@edu.ensa.dz